[Event "British Rapidplay"]
[Site "Peterborough"]
[Date "2024.03.03"]
[Round "7"]
[White "Dougherty, Michael J"]
[Black "Willow, Jonah B"]
[Result "0-1"]
[WhiteElo "2086"]
[BlackElo "2446"]
[PlyCount "40"]
[EventDate "2024.03.02"]
[EventType "swiss (rapid)"]
[EventRounds "11"]
[EventCountry "ENG"]
[SourceTitle "CB10_2024"]
[SourceDate "2024.03.06"]
[SourceVersion "1"]
[SourceVersionDate "2024.03.06"]
[SourceQuality "1"]

1. d4 Nf6 2. Nf3 c5 3. e3 g6 4. Be2 Bg7 5. 0-0 0-0 6. dxc5 Qa5 7. a3 Qxc5 8. b4 Qc7 9. Bb2 b6 10. c4 Bb7 11. Nc3 a6 12. Rc1 e6 13. Qd4 Nc6 14. Qh4 Ne7 15. Rfd1 Nf5 16. Qf4 d6 17. c5 Nh5 18. cxd6 Nxf4 19. dxc7 Nxe2+ 20. Nxe2 Bxb2 0-1

[Event "British Rapidplay"]
[Site "Peterborough"]
[Date "2024.03.02"]
[Round "3"]
[White "Willow, Jonah B"]
[Black "He, Tom Junde"]
[Result "1-0"]
[WhiteElo "2446"]
[BlackElo "1783"]
[PlyCount "45"]
[EventDate "2024.03.02"]
[EventType "swiss (rapid)"]
[EventRounds "11"]
[EventCountry "ENG"]
[SourceTitle "CB10_2024"]
[SourceDate "2024.03.06"]
[SourceVersion "1"]
[SourceVersionDate "2024.03.06"]
[SourceQuality "1"]

1. e4 e5 2. Nf3 Nc6 3. Nc3 Nf6 4. Bb5 Nd4 5. 0-0 Nxb5 6. Nxb5 Nxe4 7. Re1 d5 8. d3 Nf6 9. Rxe5+ Be7 10. Qe1 Be6 11. Nfd4 c6 12. Nxe6 fxe6 13. Nd4 Qb6 14. Nxe6 Kd7 15. Be3 Qxb2 16. Bd4 Qxc2 17. Nxg7 Bd6 18. Re2 Qxd3 19. Bxf6 Rhf8 20. Re7+ Bxe7 21. Qxe7+ Kc8 22. Ne6 Rxf6 23. Qc7# 1-0

[Event "London GM-A"]
[Site "London"]
[Date "2023.12.09"]
[Round "9"]
[White "Willow, Jonah B"]
[Black "Girel, Joseph"]
[Result "1/2-1/2"]
[WhiteElo "2427"]
[BlackElo "2495"]
[PlyCount "30"]
[EventDate "2023.12.05"]
[EventType "tourn"]
[EventRounds "9"]
[EventCountry "ENG"]
[EventCategory "10"]
[SourceTitle "CB50_2023"]
[SourceDate "2023.12.13"]
[SourceVersion "1"]
[SourceVersionDate "2023.12.13"]
[SourceQuality "1"]

1. e4 c5 2. Nf3 Nc6 3. d4 cxd4 4. Nxd4 Nf6 5. Nc3 e5 6. Ndb5 d6 7. Bg5 a6 8. Na3 b5 9. Bxf6 gxf6 10. Nd5 f5 11. Bxb5 axb5 12. Nxb5 Ra4 13. Nbc7+ Kd7 14. 0-0 Rg8 15. c4 Rxc4 1/2-1/2

[Event "London GM-A"]
[Site "London"]
[Date "2023.12.08"]
[Round "8"]
[White "Wadsworth, Matthew J"]
[Black "Willow, Jonah B"]
[Result "1-0"]
[WhiteElo "2448"]
[BlackElo "2427"]
[PlyCount "61"]
[EventDate "2023.12.05"]
[EventType "tourn"]
[EventRounds "9"]
[EventCountry "ENG"]
[EventCategory "10"]
[SourceTitle "CB50_2023"]
[SourceDate "2023.12.13"]
[SourceVersion "1"]
[SourceVersionDate "2023.12.13"]
[SourceQuality "1"]

1. d4 Nf6 2. c4 e6 3. Nf3 d5 4. Nc3 Nbd7 5. Bf4 Bb4 6. e3 c5 7. a3 Bxc3+ 8. bxc3 Qa5 9. Qc2 dxc4 10. Bxc4 b5 11. Ba2 Bb7 12. 0-0 0-0 13. a4 Be4 14. Qe2 bxa4 15. Nd2 Qxc3 16. Nxe4 Nxe4 17. Rfc1 Qa5 18. Qc2 Nef6 19. dxc5 Rfc8 20. c6 Nb8 21. c7 Na6 22. Qc6 g5 23. Bxe6 Nb4 24. Qc4 fxe6 25. Qxe6+ Kg7 26. Be5 Qb6 27. Qe7+ Kg6 28. Bxf6 Qxf6 29. Qxb4 Qe5 30. Qb7 Qa5 31. Qc6+ 1-0

[Event "Nottinghamshire Centenary"]
[Site "Nottingham"]
[Date "2023.11.02"]
[Round "8"]
[White "Willow, Jonah B"]
[Black "Beerdsen, Thomas"]
[Result "1/2-1/2"]
[WhiteElo "2425"]
[BlackElo "2496"]
[PlyCount "64"]
[EventDate "2023.10.30"]
[EventType "tourn"]
[EventRounds "9"]
[EventCountry "ENG"]
[EventCategory "6"]
[SourceTitle "Mega2024 Update 01"]
[Source "Chessbase"]
[SourceDate "2023.11.12"]
[SourceVersion "1"]
[SourceVersionDate "2023.11.12"]
[SourceQuality "1"]

1. e4 c6 2. d4 d5 3. e5 c5 4. Nf3 Nc6 5. dxc5 Bg4 6. c3 e6 7. Be3 Nge7 8. Bb5 a6 9. Ba4 Bxf3 10. Qxf3 Qc7 11. Bd4 g6 12. Qf6 Rg8 13. Qf3 Bg7 14. 0-0 Bxe5 15. Bxe5 Qxe5 16. Nd2 Kf8 17. Rfe1 Qg5 18. Rad1 Kg7 19. c4 Rgd8 20. cxd5 exd5 21. b4 Qf6 22. a3 Nf5 23. Bxc6 bxc6 24. Nb3 Re8 25. Na5 Rxe1+ 26. Rxe1 Re8 27. Qd1 Re4 28. h3 Rf4 29. Qd2 Nd4 30. Re3 Nf5 31. Re1 Nd4 32. Re3 Nf5 1/2-1/2

[Event "Nottinghamshire Centenary"]
[Site "Nottingham"]
[Date "2023.11.01"]
[Round "5"]
[White "Hebden, Mark"]
[Black "Willow, Jonah B"]
[Result "1/2-1/2"]
[WhiteElo "2443"]
[BlackElo "2425"]
[PlyCount "95"]
[EventDate "2023.10.30"]
[EventType "tourn"]
[EventRounds "9"]
[EventCountry "ENG"]
[EventCategory "6"]
[SourceTitle "Mega2024 Update 01"]
[Source "Chessbase"]
[SourceDate "2023.11.12"]
[SourceVersion "1"]
[SourceVersionDate "2023.11.12"]
[SourceQuality "1"]

1. d4 Nf6 2. Nf3 d5 3. c4 e6 4. Nc3 dxc4 5. e4 Bb4 6. Bxc4 Nxe4 7. 0-0 Nxc3 8. bxc3 Be7 9. Ne5 0-0 10. Qg4 Nc6 11. Bh6 Bf6 12. Rae1 Ne7 13. f4 c5 14. Bg5 Nf5 15. dxc5 Bxg5 16. fxg5 Qa5 17. Qh3 Qxc5+ 18. Kh1 b5 19. Bd3 Qc7 20. Bxb5 Bb7 21. Bc4 Rad8 22. Rxf5 exf5 23. g6 hxg6 24. Nxg6 Bxg2+ 25. Qxg2 Rfe8 26. Rxe8+ Rxe8 27. Qd5 Rd8 28. Qb5 a6 29. Qxa6 Rd2 30. Qc8+ Qxc8 31. Ne7+ Kf8 32. Nxc8 Rc2 33. Nd6 Rxc3 34. Bb3 f4 35. Nxf7 Ke7 36. Ng5 Re3 37. Kg2 Kf6 38. h4 Kf5 39. Be6+ Kg6 40. Nh3 Kh5 41. Nxf4+ Kxh4 42. Kf2 Rc3 43. Ng2+ Kg5 44. Ne3 Ra3 45. Bb3 Kf4 46. Nd5+ Ke5 47. Nb6 Ra6 48. Nc4+ 1/2-1/2

[Event "Nottinghamshire Centenary"]
[Site "Nottingham"]
[Date "2023.10.31"]
[Round "4"]
[White "Willow, Jonah B"]
[Black "Krzywda, Andrzej"]
[Result "1-0"]
[WhiteElo "2425"]
[BlackElo "2210"]
[PlyCount "105"]
[EventDate "2023.10.30"]
[EventType "tourn"]
[EventRounds "9"]
[EventCountry "ENG"]
[EventCategory "6"]
[SourceTitle "Mega2024 Update 01"]
[Source "Chessbase"]
[SourceDate "2023.11.12"]
[SourceVersion "1"]
[SourceVersionDate "2023.11.12"]
[SourceQuality "1"]

1. Nf3 d5 2. c4 e6 3. g3 Nf6 4. Bg2 dxc4 5. Qa4+ Bd7 6. Qxc4 c5 7. Ne5 Qc8 8. Nxd7 Qxd7 9. Nc3 Nc6 10. 0-0 Rc8 11. d3 b6 12. b3 Be7 13. Bb2 0-0 14. Qf4 Nd4 15. Qd2 Rfd8 16. Rad1 Ne8 17. Rfe1 Nd6 18. Qc1 b5 19. e3 Nc6 20. Ne2 a5 21. Nf4 Ne8 22. Qb1 Bf6 23. a3 Bxb2 24. Qxb2 Nf6 25. Rc1 Ne7 26. Rc2 Qd6 27. Rec1 Nd7 28. Rd2 Nb6 29. Rcd1 a4 30. Ne2 Rb8 31. Nc3 axb3 32. Qxb3 Nbd5 33. Nxb5 Qa6 34. a4 Nb6 35. Nc3 Nbd5 36. Qc4 Qa5 37. Ne4 Rdc8 38. Nd6 Rb4 39. Nxc8 Rxc4 40. dxc4 Nxc8 41. cxd5 Qxa4 42. d6 Nxd6 43. Rxd6 g6 44. Bf1 Kg7 45. Rc1 Qa3 46. Rc4 h5 47. Rc6 Qa1 48. R6xc5 Kh6 49. Rc7 f5 50. h4 e5 51. Re7 f4 52. Rcc7 g5 53. Re6# 1-0